Cuatro estaciones: teatro para niños
Enregistré dans:
| Auteur principal: | |
|---|---|
| Format: | Livre |
| Langue: | espagnol |
| Publié: |
Madrid
Ediciones SM
2002
|
| Édition: | 4a. ed |
| Sujets: | |
| Tags: |
Ajouter un tag
Pas de tags, Soyez le premier à ajouter un tag!
|
MARC
| LEADER | 00000nam a2200000 a 4500 | ||
|---|---|---|---|
| 001 | UCH8303 | ||
| 003 | CL-VaPUC | ||
| 008 | 091127e20020000SP |||||||||||||||||spa|d | ||
| 020 | |a 8434862948 | ||
| 082 | 0 | 4 | |a 862 |b GON |2 21 |
| 100 | 0 | |a González Torices, José |e author |9 544822 | |
| 245 | 1 | 0 | |a Cuatro estaciones: teatro para niños |
| 250 | |a 4a. ed | ||
| 300 | |a 268 p | ||
| 942 | |c BK | ||
| 945 | |d 20091127 00:00:00 |a lazolas | ||
| 260 | |a Madrid |b Ediciones SM |c 2002 | ||
| 500 | |a 3er. Premio Nacional al libro mejor editado en el año 1998 en la modalidad infantil y juvenil | ||
| 650 | 0 | |a Teatro |9 265385 | |
| 650 | 7 | |a TEATRO INFANTIL |2 CL-VaPUC |9 544823 | |
| 650 | 7 | |a TEATRO JUVENIL |2 CL-VaPUC |9 544824 | |
| 650 | 0 | |a Educación |9 258661 | |
| 650 | 0 | |a Teatro español |9 265077 | |
| 650 | 0 | |a Artes escénicas |9 318853 | |
| 650 | 0 | |a Teatro escolar |9 307647 | |
| 583 | |a last modification |c 20091127 00:00:00 |k Rodrigo Vera | ||
| 999 | |c 338530 |d 338528 | ||